000 00717nam a22002175i 4500
001 175930
003 ES-MaACL
005 20250822063225.0
008 101201s1962 sp o |||| | cat d
080 _a929 Sagarra, Josep María de
100 1 _aEspinàs, Josep M.,
_d1927-
_947850
245 1 0 _aJosep Maria de Sagarra /
_cJ. M. Espinàs.
260 _a[Barcelona] :
_bAlcides,
_cD. L. 1962.
300 _a80 p. :
_bfot. bl. y n. ;
_c17 cm.
490 1 _aBiografies populars ;
_v1
546 _aTexto en catalán.
600 1 4 _aSagarra, Josep M. de,
_d1894-1961
_9101415
830 0 _aBiografies populars ;
_v1
_9189851
852 _aES-MaACL
_j2267-F-1
_xOlim P-81-bis
999 _c175930
_d175930